Tự động hoá với Simatic S7 - 300 /

محفوظ في:
التفاصيل البيبلوغرافية
المؤلف الرئيسي: Nguyễn Doãn Phước
مؤلفون آخرون: Phan Xuân Minh, Vũ Vân H
التنسيق: Sách giấy
اللغة:Vietnamese
منشور في: H. : Khoa học Kỹ thuật, 2002
الموضوعات:
الوسوم: إضافة وسم
لا توجد وسوم, كن أول من يضع وسما على هذه التسجيلة!
Thư viện lưu trữ: Thư viện Trường Đại học Đà Lạt
LEADER 00852nam a2200325 4500
001 DLU040029057
005 ##20040914
040 # # |a DLU  |b vie 
041 # # |a vie 
044 # # |a vn 
082 # # |a 005  |b NG-P 
100 # # |a Nguyễn Doãn Phước 
245 # # |a Tự động hoá với Simatic S7 - 300 /  |c Nguyễn Doãn Phước, Phan Xuân Minh, Vũ Vân Hà 
260 # # |a H. :  |b Khoa học Kỹ thuật,  |c 2002 
300 # # |a 227 tr. ;  |c 24 cm 
504 # # |a Tài liệu tham khảo :tr.227 
653 # # |a Điều khiển số 
653 # # |a Ngôn ngữ lập trình 
700 # # |a Phan Xuân Minh 
700 # # |a Vũ Vân Hà 
923 # # |a 21/2004 
992 # # |a 36.000 
994 # # |a DLU 
900 # # |a True 
911 # # |a Đào Thị Thu Huyền 
925 # # |a G 
926 # # |a A 
927 # # |a SH 
980 # # |a Thư viện Trường Đại học Đà Lạt